000 00335nam a2200145Ia 4500
003 OSt
005 20240320112338.0
008 170523s9999 xx 000 0 und d
020 _a9788126524228
040 _cIIMT UNIVERSITY MEERUT
100 _aBalanis- C.A.
245 0 _aAntenna Theory
260 _aWiley India
942 _2ddc
_c02
999 _c11985
_d11985